[Event "World Blitz 2025"]
[Site "Doha QAT"]
[Date "2025.12.29"]
[Round "8.25"]
[White "Nihal, Sarin"]
[Black "Kosakowski, Jakub"]
[Result "1-0"]
[WhiteTitle "GM"]
[BlackTitle "GM"]
[WhiteElo "2701"]
[BlackElo "2549"]
[WhiteFideId "25092340"]
[BlackFideId "1185080"]
[EventDate "2025.12.29"]

1. d4 Nf6 2. c4 e6 3. Nc3 Bb4 4. e3 O-O 5. Bd2 b6 6. Bd3 Bb7 7. Nf3 d5 8. cxd5
exd5 9. Rc1 Re8 10. Nb5 Bxd2+ 11. Qxd2 c6 12. Nc3 Nbd7 13. O-O Ne4 14. Qc2 Qe7
15. Nd2 Nxd2 16. Qxd2 Nf8 17. a3 c5 18. dxc5 bxc5 19. Ne2 Ne6 20. b4 a5 21. bxc5
Nxc5 22. Nd4 Nxd3 23. Qxd3 Ba6 24. Nb5 Bxb5 25. Qxb5 Qxa3 26. Qxd5 Qe7 27. Rb1
a4 28. Rb7 Qe6 29. Qxe6 Rxe6 30. Ra1 g6 31. Ra3 Rc6 32. g4 Rc4 33. h3 Kg7 34.
Rb5 Ra7 35. Kg2 h6 36. Kg3 Ra8 37. h4 Ra7 38. f4 Ra8 39. Kf3 Ra7 40. h5 gxh5 41.
gxh5 Ra8 42. e4 Rac8 43. e5 Rc3+ 44. Rxc3 Rxc3+ 45. Kg4 a3 46. Ra5 Re3 47. Ra7
Kf8 48. Kf5 Kg7 49. Ra8 Rh3 50. Kg4 Re3 51. Ra6 Kh7 52. Ra7 Kg7 53. Kf5 Rh3 54.
e6 Rxh5+ 55. Kg4 Rb5 56. Rxf7+ Kg8 57. Ra7 h5+ 58. Kf3 Rb3+ 59. Ke4 h4 60. Ra8+
Kg7 61. e7 Rb1 62. e8=Q Re1+ 63. Kf3 1-0

[Event "World Blitz 2025"]
[Site "Doha QAT"]
[Date "2025.12.29"]
[Round "8.26"]
[White "Sadhwani, Raunak"]
[Black "Gaehwiler, Gabriel"]
[Result "1-0"]
[WhiteTitle "GM"]
[BlackTitle "IM"]
[WhiteElo "2638"]
[BlackElo "2382"]
[WhiteFideId "35093487"]
[BlackFideId "1314530"]
[EventDate "2025.12.29"]

1. e4 e5 2. Nf3 Nf6 3. d3 Nc6 4. Be2 g6 5. O-O Bg7 6. c4 O-O 7. Nc3 d6 8. h3 Nd7
9. Bg5 f6 10. Bh4 Nc5 11. d4 exd4 12. Nxd4 Nxd4 13. Qxd4 g5 14. Bg3 f5 15. Qd2
Bxc3 16. Qxc3 Nxe4 17. Qa3 Nxg3 18. fxg3 Qf6 19. Bf3 Be6 20. Rac1 Rab8 21. Kh2
a6 22. b4 Rfe8 23. b5 Bf7 24. bxa6 bxa6 25. Qxa6 Kg7 26. Qa7 c5 27. Bc6 Rf8 28.
Rce1 Kh8 29. Re7 Rb2 30. a4 f4 31. g4 Kg7 32. Bd5 Kg8 33. Bf3 Ra2 34. Rfe1 Bxc4
35. Rxh7 Rf7 36. Rxf7 Bxf7 37. Re7 Rb2 38. a5 Kf8 39. Rb7 Ra2 40. Rxf7+ 1-0

[Event "World Blitz 2025"]
[Site "Doha QAT"]
[Date "2025.12.29"]
[Round "8.27"]
[White "Robson, Ray"]
[Black "Bharath, Subramaniyam H"]
[Result "1/2-1/2"]
[WhiteTitle "GM"]
[BlackTitle "GM"]
[WhiteElo "2650"]
[BlackElo "2576"]
[WhiteFideId "2023970"]
[BlackFideId "46634827"]
[EventDate "2025.12.29"]

1. d4 Nf6 2. c4 b6 3. Nc3 Bb7 4. f3 d5 5. cxd5 Nxd5 6. e4 Nxc3 7. bxc3 e5 8. Bc4
exd4 9. Qb3 Qe7 10. cxd4 Nc6 11. Ne2 Na5 12. Qc3 Nxc4 13. Qxc4 Qb4+ 14. Qxb4
Bxb4+ 15. Bd2 Ba3 16. Kf2 O-O-O 17. Bc3 Rhe8 18. Rhd1 g6 19. Rab1 f5 20. exf5
gxf5 21. Bb4 Bxb4 22. Rxb4 c5 23. Rb2 Ba6 24. Nf4 Kb8 25. Rbd2 c4 26. a4 Kc7 27.
h4 Kd6 28. Rc2 Rc8 29. Rc3 Rc7 30. h5 Bb7 31. Rb1 Ba6 32. Rbc1 b5 33. axb5 Bxb5
34. g4 fxg4 35. fxg4 Re4 36. Kg3 Rf7 37. Nh3 Rxd4 38. Re1 Rd3+ 39. Rxd3+ cxd3
40. Nf4 Rc7 41. g5 Rc2 42. g6 hxg6 43. h6 d2 44. Rd1 g5 45. Ng6 Rc3+ 46. Kh2 Rc7
47. Rxd2+ Ke6 48. Rf2 Bd3 49. Nf8+ Ke5 50. Kg3 a5 51. Kg4 a4 52. Kxg5 a3 53. Ra2
Ra7 54. h7 Bxh7 55. Nxh7 Rxh7 56. Rxa3 1/2-1/2

[Event "World Blitz 2025"]
[Site "Doha QAT"]
[Date "2025.12.29"]
[Round "8.28"]
[White "Pichot, Alan"]
[Black "Maksimovic, Bojan"]
[Result "0-1"]
[WhiteTitle "GM"]
[BlackTitle "GM"]
[WhiteElo "2597"]
[BlackElo "2533"]
[WhiteFideId "110973"]
[BlackFideId "14408120"]
[EventDate "2025.12.29"]

1. e4 e6 2. Qe2 c5 3. g3 Nc6 4. c3 g6 5. Bg2 Bg7 6. f4 Nge7 7. Nf3 d6 8. O-O O-O
9. Na3 f5 10. d3 d5 11. e5 b6 12. d4 c4 13. b3 cxb3 14. axb3 a5 15. Rf2 Ba6 16.
Qd1 Qd7 17. Be3 Rfc8 18. Bf1 Bxf1 19. Qxf1 Na7 20. Rc2 Bf8 21. Nb1 Nec6 22. h3
b5 23. g4 b4 24. gxf5 gxf5 25. c4 dxc4 26. bxc4 b3 27. Rg2+ Kh8 28. Nc3 Bh6 29.
d5 exd5 30. cxd5 Rg8 31. dxc6 Nxc6 32. Ng5 Bxg5 33. fxg5 Qe6 34. Rd1 a4 35. Rd6
Qxe5 36. Qf3 Qxd6 37. Rd2 Qe6 38. Bf4 a3 39. Rd6 Qxd6 40. Bxd6 a2 41. Qxc6 a1=Q+
42. Kg2 Rxg5+ 43. Kf2 Qg1+ 44. Ke2 Qg2+ 0-1

[Event "World Blitz 2025"]
[Site "Doha QAT"]
[Date "2025.12.29"]
[Round "8.29"]
[White "Uskov, Artem"]
[Black "Rapport, Richard"]
[Result "1-0"]
[WhiteTitle "GM"]
[BlackTitle "GM"]
[WhiteElo "2516"]
[BlackElo "2741"]
[WhiteFideId "34254854"]
[BlackFideId "738590"]
[EventDate "2025.12.29"]

1. e4 c5 2. Nf3 Nc6 3. d4 cxd4 4. Nxd4 e5 5. Nb5 d6 6. c4 Be6 7. N1c3 a6 8. Na3
Rc8 9. Be3 Nf6 10. Be2 g6 11. O-O Bg7 12. Qd2 O-O 13. Rfd1 Ne8 14. Nc2 f5 15. f3
Rf7 16. Rac1 f4 17. Bf2 g5 18. b4 Rd7 19. Nd5 Rf7 20. Nb6 Rb8 21. b5 axb5 22.
cxb5 Ne7 23. Bc4 Rf6 24. Nb4 Kh8 25. a4 g4 26. Bxe6 Rxe6 27. fxg4 Rg6 28. Qe2
Ng8 29. a5 Bf6 30. a6 bxa6 31. Nc6 1-0

[Event "World Blitz 2025"]
[Site "Doha QAT"]
[Date "2025.12.29"]
[Round "8.30"]
[White "Gukesh, D"]
[Black "Stribuk, Artiom"]
[Result "1-0"]
[WhiteTitle "GM"]
[BlackTitle "IM"]
[WhiteElo "2754"]
[BlackElo "2476"]
[WhiteFideId "46616543"]
[BlackFideId "13515659"]
[EventDate "2025.12.29"]

1. e4 c5 2. Nf3 d6 3. Nc3 Nc6 4. d4 cxd4 5. Nxd4 Nf6 6. Bg5 e6 7. Qd2 a6 8.
O-O-O Bd7 9. f3 Nxd4 10. Qxd4 Be7 11. h4 Qc7 12. Kb1 b5 13. Qd2 b4 14. Ne2 a5
15. Nd4 Rb8 16. g4 O-O 17. h5 h6 18. Be3 e5 19. Nf5 Bxf5 20. gxf5 Kh7 21. Bd3 a4
22. Rdg1 a3 23. b3 Rfd8 24. Qg2 Bf8 25. Bc4 Rbc8 26. Rd1 d5 27. exd5 Bc5 28.
Rhg1 Rg8 29. Bxc5 Qxc5 30. d6 Rcf8 31. Rge1 Kh8 32. Qh2 Rd8 33. Qxe5 Qf2 34.
Bxf7 Rgf8 35. Be6 Qb6 36. d7 Qc6 37. Rd3 Nxd7 38. Qa5 Nb6 39. Qxb4 Rfe8 40. Rxd8
Rxd8 41. Qxa3 Qc3 42. Rc1 Ra8 43. Qb2 Qxf3 44. Rg1 Ra7 45. Qd4 Qc6 46. Qd8+ 1-0

[Event "World Blitz 2025"]
[Site "Doha QAT"]
[Date "2025.12.29"]
[Round "8.31"]
[White "Kozak, Adam"]
[Black "Dominguez Perez, Leinier"]
[Result "0-1"]
[WhiteTitle "GM"]
[BlackTitle "GM"]
[WhiteElo "2546"]
[BlackElo "2738"]
[WhiteFideId "753246"]
[BlackFideId "3503240"]
[EventDate "2025.12.29"]

1. Nf3 Nf6 2. b3 d5 3. Bb2 Bf5 4. g3 e6 5. Bg2 h6 6. d3 Be7 7. Nbd2 O-O 8. O-O
a5 9. a3 Bh7 10. Re1 c6 11. e4 Qb6 12. Qe2 Rd8 13. h4 Na6 14. Rab1 Nc5 15. e5
Ne8 16. g4 Nd7 17. Nf1 c5 18. g5 hxg5 19. Nxg5 Bxg5 20. hxg5 a4 21. bxa4 Rxa4
22. Ng3 Qa6 23. Bc1 c4 24. d4 c3 25. Rb4 Rxb4 26. axb4 Qa2 27. Be3 Nc7 28. Rc1
Ra8 29. Nh5 Qb2 30. Nf4 Ra1 31. Rxa1 Qxa1+ 32. Kh2 Nf8 33. Bf3 Qb1 34. Nd3 Bf5
35. Kg3 Nb5 36. Bg4 Na3 37. Bxf5 exf5 38. Nf4 Nxc2 39. g6 Nxe3 40. gxf7+ Kxf7 0-1

[Event "World Blitz 2025"]
[Site "Doha QAT"]
[Date "2025.12.29"]
[Round "8.32"]
[White "Lazavik, Denis"]
[Black "Smirnov, Mark"]
[Result "1/2-1/2"]
[WhiteTitle "GM"]
[BlackTitle "FM"]
[WhiteElo "2605"]
[BlackElo "2420"]
[WhiteFideId "13515110"]
[BlackFideId "13764594"]
[EventDate "2025.12.29"]

1. c4 e6 2. g3 d5 3. Bg2 Nf6 4. Nf3 Bd6 5. O-O O-O 6. d4 Nc6 7. a3 dxc4 8. Nbd2
b5 9. Ne5 Nxd4 10. Nxf7 Rxf7 11. Bxa8 e5 12. Bg2 Bg4 13. Nf3 c5 14. h3 Bf5 15.
Bg5 Rd7 16. Bxf6 Qxf6 17. Nd2 Qe6 18. e3 Bc2 19. Qe1 Nf5 20. Bc6 Rf7 21. Bxb5
Bd3 22. Rc1 Nh4 23. Rxc4 Nf3+ 24. Nxf3 Rxf3 25. Bc6 e4 26. Rc3 Bxg3 27. Rxd3
Bh2+ 28. Kh1 Qxh3 29. Rd8+ Kf7 30. Bd7 Qh5 31. Kg2 Qg5+ 32. Kxh2 Qh4+ 1/2-1/2

[Event "World Blitz 2025"]
[Site "Doha QAT"]
[Date "2025.12.29"]
[Round "8.33"]
[White "Movahed, Sina"]
[Black "Mamedov, Rauf"]
[Result "1/2-1/2"]
[WhiteTitle "GM"]
[BlackTitle "GM"]
[WhiteElo "2596"]
[BlackElo "2645"]
[WhiteFideId "42520835"]
[BlackFideId "13401653"]
[EventDate "2025.12.29"]

1. e4 c5 2. Nf3 Nc6 3. d4 cxd4 4. Nxd4 g6 5. c4 Nf6 6. Nc3 Nxd4 7. Qxd4 d6 8.
Be2 Bg7 9. O-O O-O 10. Qd3 a6 11. Be3 Bd7 12. Rfd1 b5 13. cxb5 axb5 14. Nxb5
Bxb5 15. Qxb5 Rb8 16. Qd3 Rxb2 17. e5 Nd5 18. Qxd5 Rxe2 19. Qd3 Rb2 20. a4 Qa5
21. exd6 exd6 22. Qxd6 Re2 23. Bd4 Rfe8 24. h3 R2e6 25. Qd7 Rd8 26. Qxd8+ Qxd8
27. Bxg7 Rd6 28. Rxd6 Qxd6 29. Bh6 Qd4 30. Rc1 f6 31. a5 g5 32. a6 Qa4 33. h4
Kf7 34. hxg5 Kg6 35. Bf8 fxg5 36. Bc5 Qxa6 37. Be3 h6 38. Rb1 Qd3 39. Rb6+ Kg7
40. Rb7+ Kg8 41. Rb8+ Kf7 42. Rb7+ Ke8 43. Rb8+ Kd7 44. Rb7+ Ke8 45. Rb8+ Kf7
46. Rb6 Kg7 47. Kh2 Qe4 48. Kg1 Qd5 49. Kh2 h5 50. Kg1 h4 51. Rb1 g4 52. Rb4 Kh7
53. Kh2 Qe5+ 54. Kg1 Qf5 55. Rf4 Qd7 56. Kh2 Kg6 57. Rd4 Qf5 58. Kg1 g3 59. Rd1
Qe4 60. Ra1 Kf7 61. Rc1 Qd3 62. Ra1 Qe2 63. Rf1 Kg6 64. Ra1 Qg4 65. Rc1 Qe4 66.
Re1 Kh5 67. Ra1 Qd5 68. Rc1 Qb3 69. Rc5+ Kg6 70. Rc1 Kf5 71. Rc5+ Ke4 72. Rc1
Qb2 73. Rd1 Kf5 74. Rd5+ Ke6 75. Rd1 Qe2 76. Ra1 Kf5 77. Ra5+ Kg6 78. Ra1 Qb2
79. Rd1 Kf5 80. Rd5+ Ke6 81. Rd1 Qb3 82. Ra1 Qb5 83. Re1 Kf5 84. Rc1 Qb7 85.
Rc5+ Ke4 86. Rc1 Kd3 87. Rd1+ Kc2 88. Rc1+ Kd3 89. Rd1+ Ke4 90. Rd4+ Kf5 91. Rd1
Qh7 92. Rd5+ Ke6 93. Rd1 h3 94. Re1 hxg2 95. fxg3 Qh1+ 96. Kf2 Qh2 97. Rg1 Qh5
98. Rxg2 Qg4 99. Bf4 Kf5 100. Kg1 Qd1+ 101. Kh2 Kg4 102. Rf2 Qd4 103. Kg2 Qd5+
104. Kg1 Qd4 105. Kg2 Qd5+ 106. Kg1 1/2-1/2

[Event "World Blitz 2025"]
[Site "Doha QAT"]
[Date "2025.12.29"]
[Round "8.34"]
[White "Isanzhulov, Arystan"]
[Black "Matlakov, Maxim"]
[Result "1-0"]
[WhiteTitle "IM"]
[BlackTitle "GM"]
[WhiteElo "2419"]
[BlackElo "2606"]
[WhiteFideId "13711644"]
[BlackFideId "4168003"]
[EventDate "2025.12.29"]

1. e4 c5 2. Nf3 e6 3. g3 d5 4. exd5 exd5 5. d4 Nc6 6. Bg2 Nf6 7. O-O Be7 8. Nc3
O-O 9. h3 h6 10. Be3 b6 11. Ne5 Bb7 12. Nxc6 Bxc6 13. Qd2 c4 14. Rfe1 b5 15. a3
a5 16. Qe2 b4 17. Nb1 Re8 18. Nd2 bxa3 19. bxa3 a4 20. Nb1 Bd6 21. Nc3 Rb8 22.
Qf3 Rb2 23. Rec1 Qe7 24. Bf4 Bxf4 25. Qxf4 Reb8 26. Qd2 Qd6 27. Nd1 R2b7 28. Nc3
h5 29. Re1 Rb2 30. Qc1 g6 31. Re5 Kg7 32. Nd1 R2b7 33. Ne3 Nd7 34. Rxh5 Re8 35.
Rg5 Kf8 36. Rg4 Nf6 37. Rf4 Nh5 38. Rh4 Rbe7 39. Nf1 Kg7 40. Qg5 Qf6 41. Qxf6+
Nxf6 42. Rf4 Re2 43. Ne3 R8xe3 44. fxe3 Rxe3 45. Raf1 Re6 46. h4 Be8 47. g4 c3
48. g5 Nh5 49. R4f3 Re4 50. Rxc3 Rxh4 51. Bxd5 Rg4+ 52. Kh2 Rxg5 53. Bf3 Nf6 54.
Rc5 Ng4+ 55. Bxg4 Rxg4 56. c3 Bd7 57. Rc7 Be6 58. Rd1 Rh4+ 59. Kg3 Rh5 60. c4
Rh3+ 61. Kf2 Rxa3 62. d5 Bg4 63. Rd4 Bf5 64. c5 Ra2+ 65. Ke3 a3 66. Ra7 Ra1 67.
Rda4 Rc1 68. R7a5 Rc3+ 69. Kf2 Rc2+ 70. Ke1 Rc1+ 71. Kd2 Rc2+ 72. Kd1 a2 73.
Rxa2 Rc4 74. c6 g5 75. d6 Be4 76. d7 Rd4+ 77. Rd2 Bf3+ 78. Ke1 1-0

[Event "World Blitz 2025"]
[Site "Doha QAT"]
[Date "2025.12.29"]
[Round "8.35"]
[White "Ponomariov, Ruslan"]
[Black "Nurgaliyev, Sauat"]
[Result "1-0"]
[WhiteTitle "GM"]
[BlackTitle "IM"]
[WhiteElo "2639"]
[BlackElo "2437"]
[WhiteFideId "14103320"]
[BlackFideId "13726285"]
[EventDate "2025.12.29"]

1. Nf3 c5 2. c4 Nc6 3. g3 g6 4. Bg2 Bg7 5. Nc3 e5 6. d3 Nge7 7. Nd2 O-O 8. Nf1
d6 9. Bg5 f6 10. Bd2 Be6 11. Ne3 Rb8 12. O-O a6 13. Ncd5 f5 14. b4 f4 15. Nxe7+
Nxe7 16. Nc2 b5 17. cxb5 axb5 18. a4 e4 19. Ra3 Bb2 20. dxe4 Bxa3 21. Nxa3 fxg3
22. hxg3 bxa4 23. b5 d5 24. exd5 Bxd5 25. e4 Bb3 26. Qc1 Qd3 27. Bc3 Nc8 28. Be5
Rb7 29. Qxc5 Rbf7 30. b6 Qa6 31. Bd4 Rb7 32. Qe5 Nxb6 33. Qh8+ Kf7 34. Qxh7+ Ke8
35. Qxg6+ Rff7 36. Rc1 Qd3 37. Bxb6 Qd2 38. Rc8+ Ke7 39. Bc5+ Kd7 40. Bh3+ 1-0

[Event "World Blitz 2025"]
[Site "Doha QAT"]
[Date "2025.12.29"]
[Round "8.36"]
[White "Raja, Rithvik R"]
[Black "Maghsoodloo, Parham"]
[Result "0-1"]
[WhiteTitle "GM"]
[BlackTitle "GM"]
[WhiteElo "2541"]
[BlackElo "2708"]
[WhiteFideId "35007394"]
[BlackFideId "12539929"]
[EventDate "2025.12.29"]

1. Nf3 d5 2. g3 c6 3. Bg2 Bf5 4. O-O Nd7 5. d3 e5 6. Nbd2 Ngf6 7. e4 dxe4 8.
dxe4 Be6 9. Ng5 Bg4 10. Bf3 Bxf3 11. Ngxf3 Bc5 12. Qe2 O-O 13. Nc4 Qc7 14. a4 b5
15. axb5 cxb5 16. Ne3 Qc6 17. Nd2 Bxe3 18. Qxe3 Qxc2 19. Rxa7 Nc5 20. Rc7 Rac8
21. Rxc8 Rxc8 22. Nf3 Nb3 23. Bd2 Nxe4 24. Bc3 Nxc3 25. bxc3 f6 26. Qb6 Qxc3 27.
Rd1 h6 28. Qe6+ Kh8 29. Nh4 Nd4 30. Rxd4 exd4 31. Ng6+ Kh7 32. Ne7 Qa1+ 33. Kg2
Qa8+ 34. Kh3 Rc5 35. Qf7 Qd8 36. Qg6+ Kh8 37. Qe4 Qd7+ 38. g4 Rc8 39. Ng6+ Kg8
40. Ne7+ Kf8 41. Nxc8 Qxc8 42. Qxd4 Qc4 43. Qd8+ Kf7 44. Qd7+ Kg8 45. Qe8+ Kh7
46. f4 Qd5 47. f5 b4 48. Qg6+ Kh8 49. Qe8+ Qg8 50. Qb5 Qf8 51. Kg3 Qd6+ 52. Kh3
Kh7 53. Qe8 Qe5 54. Qg6+ Kh8 55. Qf7 Qe3+ 56. Kg2 b3 57. Qf8+ Kh7 58. Qb4 Qe2+
59. Kg3 b2 60. g5 hxg5 61. Qb8 Qd3+ 62. Kg2 b1=Q 0-1

[Event "World Blitz 2025"]
[Site "Doha QAT"]
[Date "2025.12.29"]
[Round "8.37"]
[White "Lobanov, Sergei"]
[Black "Nepomniachtchi, Ian"]
[Result "1/2-1/2"]
[WhiteTitle "GM"]
[BlackTitle "GM"]
[WhiteElo "2527"]
[BlackElo "2723"]
[WhiteFideId "24183750"]
[BlackFideId "4168119"]
[EventDate "2025.12.29"]

1. d4 Nf6 2. c4 e6 3. Nc3 Bb4 4. e3 c5 5. Bd3 d5 6. cxd5 exd5 7. Ne2 c4 8. Bc2
Nc6 9. O-O O-O 10. f3 Re8 11. e4 dxe4 12. fxe4 Bxc3 13. bxc3 Nxe4 14. Ng3 Nxg3
15. hxg3 Qd5 16. Rb1 Be6 17. a4 a6 18. Bf4 b5 19. Qf3 Qxf3 20. gxf3 Ne7 21. Be4
Nd5 22. Bxd5 Bxd5 23. axb5 axb5 24. Rxb5 Rad8 25. Kf2 f6 26. g4 Rd7 27. Rfb1 Kf7
28. Rb8 Re6 29. R8b6 Ree7 30. R1b5 Re6 31. Rxe6 Kxe6 32. Rb6+ Ke7 33. Rb5 g6 34.
Rc5 Kd8 35. Bc7+ Ke7 36. Bg3 h5 37. gxh5 gxh5 38. Rc7 Rxc7 39. Bxc7 Ke6 40. Kg3
Kf5 41. Bb8 Kg5 42. Bf4+ Kf5 43. Bc1 Kg6 44. Bf4 Kf5 45. Bc1 Kg6 1/2-1/2

[Event "World Blitz 2025"]
[Site "Doha QAT"]
[Date "2025.12.29"]
[Round "8.38"]
[White "Vetokhin, Savva"]
[Black "Martirosyan, Haik M."]
[Result "0-1"]
[WhiteTitle "GM"]
[BlackTitle "GM"]
[WhiteElo "2572"]
[BlackElo "2625"]
[WhiteFideId "44144474"]
[BlackFideId "13306553"]
[EventDate "2025.12.29"]

1. d4 Nf6 2. c4 e6 3. Nc3 c5 4. d5 exd5 5. cxd5 d6 6. Nf3 a6 7. a4 g6 8. Bf4 Nh5
9. Bg5 Be7 10. Bh6 Nd7 11. g3 Bf8 12. Bg5 Be7 13. Bh6 Nhf6 14. Bg2 Ng4 15. Bf4
O-O 16. O-O Re8 17. h3 Ngf6 18. Nd2 Nh5 19. Bh6 Rb8 20. Nc4 Nb6 21. Nd2 Bd7 22.
a5 Na8 23. Nc4 Nc7 24. e4 Nb5 25. e5 Nxc3 26. bxc3 Bb5 27. exd6 Bg5 28. Bxg5
Qxg5 29. Qb3 Re2 30. Rae1 Nxg3 31. fxg3 Bxc4 32. Qxc4 Qe3+ 33. Kh2 Rxe1 34. Rxe1
Qxe1 35. Qxc5 Qe8 36. Qc7 Rd8 37. c4 Rd7 38. Qb6 h5 39. h4 g5 40. hxg5 Qe5 41.
c5 h4 42. Qb3 f5 43. c6 hxg3+ 44. Qxg3 Rh7+ 45. Bh3 f4 46. Qf3 Qxd6 47. Kg2 bxc6
48. Be6+ Kf8 49. g6 Rh6 50. Qg4 Kg7 51. Bf7 cxd5 52. Kf3 Qa3+ 53. Kxf4 Qb4+ 54.
Kf5 Qc3 55. Ke6 Qf6+ 56. Kxd5 Rh4 57. Qg1 Rh5+ 58. Kc4 Qc6+ 59. Kd3 Qb5+ 60. Ke4
Rh4+ 61. Kf3 Qd3+ 62. Kf2 Rf4+ 0-1

[Event "World Blitz 2025"]
[Site "Doha QAT"]
[Date "2025.12.29"]
[Round "8.39"]
[White "Iturrizaga Bonelli, Eduardo"]
[Black "Oro, Faustino"]
[Result "0-1"]
[WhiteTitle "GM"]
[BlackTitle "IM"]
[WhiteElo "2592"]
[BlackElo "2503"]
[WhiteFideId "3901211"]
[BlackFideId "20000197"]
[EventDate "2025.12.29"]

1. c4 e6 2. Nf3 d5 3. e3 Nf6 4. b3 b6 5. Bb2 Bb7 6. g3 Nbd7 7. cxd5 exd5 8. Bg2
Bd6 9. O-O O-O 10. Nc3 a6 11. Rc1 Re8 12. Ne2 Rc8 13. Nf4 h6 14. Rc2 c5 15. d4
c4 16. Nd2 cxb3 17. axb3 Qe7 18. Nf3 Ne4 19. Nd3 Rxc2 20. Qxc2 Rc8 21. Qb1 Ndf6
22. Bh3 Rc7 23. Rc1 a5 24. Nde5 Ba6 25. Qa1 Be2 26. Bg2 Bb5 27. h3 Bb4 28. Qb1
Ne8 29. Nh4 N8d6 30. Nhf3 Qd8 31. Nd3 Rxc1+ 32. Bxc1 Nc3 33. Qc2 Qc8 34. Kh2 Qe6
35. Nxb4 axb4 36. Bd2 Nde4 37. Be1 Qf6 38. Ne5 Qd6 39. f3 Ng5 40. h4 Ne6 41. Qb2
Qc7 42. Qa1 Kh7 43. Bh3 Nf8 44. h5 Kg8 45. Qa8 Nd1 46. Bxb4 Qc2+ 47. Kh1 Nf2+
48. Kg2 Ng4+ 0-1

[Event "World Blitz 2025"]
[Site "Doha QAT"]
[Date "2025.12.29"]
[Round "8.40"]
[White "Alekseenko, Kirill"]
[Black "Gavrilescu, David"]
[Result "0-1"]
[WhiteTitle "GM"]
[BlackTitle "GM"]
[WhiteElo "2659"]
[BlackElo "2542"]
[WhiteFideId "4135539"]
[BlackFideId "1227190"]
[EventDate "2025.12.29"]

1. e4 e6 2. d4 d5 3. e5 c5 4. c3 Nc6 5. Nf3 Bd7 6. Be2 Nge7 7. O-O Nf5 8. dxc5
Bxc5 9. Nbd2 O-O 10. Nb3 Bb6 11. Bd3 h6 12. Bf4 a5 13. a4 Rc8 14. Qe2 Nce7 15.
h3 Ng6 16. Bh2 Ngh4 17. Nbd4 Nxd4 18. Nxd4 Bxd4 19. cxd4 Qb6 20. Rfd1 Nf5 21.
Bxf5 exf5 22. Bf4 Rc4 23. Be3 Bxa4 24. Rdc1 Rfc8 25. Rxc4 Rxc4 26. Qf3 Qxb2 27.
Re1 Qc3 28. Rf1 f4 29. Qxf4 Bd7 30. Rc1 Qd3 31. Ra1 a4 32. Qh4 Kh7 33. Kh2 b5
34. Qe7 Be6 35. Qe8 Rc2 36. Qe7 Rb2 37. Rc1 Rc2 38. Ra1 Qc3 39. Ra3 Qc7 40. Qb4
Qc4 41. Qe7 Ra2 42. Rxa2 Qxa2 43. Qb4 Qc4 44. Bd2 Qd3 45. Bc3 Bf5 46. f3 Qc2 47.
Bb2 Bd3 48. Kg1 Qb1+ 49. Kh2 Bf1 50. Qd2 b4 51. Qc1 Qxc1 52. Bxc1 a3 53. Kg1 Bc4
54. Kf2 Kg6 55. g4 f6 56. f4 f5 57. Kg3 Bd3 58. Kf3 Kf7 59. Ke3 Bc2 60. Kd2 Be4
61. Ke3 Ke6 62. Kf2 g6 63. Ke3 Bg2 64. gxf5+ Kxf5 65. h4 Bh3 66. Kf3 Ke6 67. Kg3
Bf5 68. Kf3 Kd7 69. Kg3 h5 70. Kf3 Kc6 71. Ke3 Kb5 72. Kd2 Kc4 0-1

[Event "World Blitz 2025"]
[Site "Doha QAT"]
[Date "2025.12.29"]
[Round "8.41"]
[White "Santos Latasa, Jaime"]
[Black "Daneshvar, Bardiya"]
[Result "0-1"]
[WhiteTitle "GM"]
[BlackTitle "GM"]
[WhiteElo "2616"]
[BlackElo "2600"]
[WhiteFideId "2293307"]
[BlackFideId "12576468"]
[EventDate "2025.12.29"]

1. e4 e5 2. Nf3 Nc6 3. Bc4 Bc5 4. O-O Nf6 5. d3 d6 6. c3 a5 7. Re1 O-O 8. h3 Be6
9. Bb5 Ba7 10. Ba4 Ne7 11. d4 Ng6 12. Bc2 c6 13. Nbd2 Nh5 14. Nf1 Nhf4 15. Ne3
exd4 16. Nxd4 Bxd4 17. cxd4 d5 18. exd5 Nxd5 19. Nxd5 Bxd5 20. Qd3 Re8 21. Bd2
a4 22. Rxe8+ Qxe8 23. Re1 Qd7 24. a3 b5 25. Qg3 Re8 26. h4 Nf8 27. h5 Rxe1+ 28.
Bxe1 f6 29. Bb4 Qe8 30. h6 Ng6 31. Qd6 gxh6 32. Qxf6 Be4 33. Bd1 Bd5 34. Bh5 Qe4
35. f3 Qe3+ 36. Kh2 Qf4+ 37. Qxf4 Nxf4 38. Be8 Ne2 39. Bc5 Nf4 40. Bb4 Ne2 41.
Bc3 Kg7 42. Kh3 Kf6 43. Bd2 Ke7 44. Bh5 Nxd4 45. Bxh6 c5 46. Kg3 Nf5+ 0-1

[Event "World Blitz 2025"]
[Site "Doha QAT"]
[Date "2025.12.29"]
[Round "8.42"]
[White "Drygalov, Sergey"]
[Black "Amar, Elham"]
[Result "1/2-1/2"]
[WhiteTitle "GM"]
[BlackTitle "GM"]
[WhiteElo "2571"]
[BlackElo "2592"]
[WhiteFideId "24171743"]
[BlackFideId "1533533"]
[EventDate "2025.12.29"]

1. d4 Nf6 2. c4 e6 3. Nf3 b6 4. g3 Bb7 5. Bg2 Be7 6. O-O O-O 7. Re1 Na6 8. h4 d5
9. cxd5 exd5 10. Nc3 c5 11. Bf4 Nc7 12. Rc1 Ne6 13. e3 h6 14. Bh3 Nxf4 15. exf4
Ne4 16. Bg2 Rc8 17. Rc2 cxd4 18. Nxd4 Bc5 19. Nb3 Bb4 20. Re3 Bxc3 21. bxc3 Re8
22. Nd2 Nd6 23. Rxe8+ Qxe8 24. Nf3 Qa4 25. Qc1 Nc4 26. Re2 Qd7 27. Qd1 Re8 28.
Ne5 Nxe5 29. fxe5 Ba6 30. Rd2 Rxe5 31. Rxd5 Rxd5 32. Qxd5 Qxd5 33. Bxd5 Kf8 34.
f4 Ke7 35. Kf2 f6 36. Ke3 Kd6 37. Kd4 Bc8 38. a3 Bd7 39. Bf3 Bc8 40. Bd5 1/2-1/2

[Event "World Blitz 2025"]
[Site "Doha QAT"]
[Date "2025.12.29"]
[Round "8.43"]
[White "Sapenov, Daniyal"]
[Black "Makarian, Rudik"]
[Result "0-1"]
[WhiteTitle "IM"]
[BlackTitle "GM"]
[WhiteElo "2440"]
[BlackElo "2524"]
[WhiteFideId "13728911"]
[BlackFideId "44105681"]
[EventDate "2025.12.29"]

1. e4 e5 2. Nf3 Nc6 3. Bb5 a6 4. Ba4 Nf6 5. O-O Be7 6. Re1 b5 7. Bb3 O-O 8. a4
Rb8 9. d3 d6 10. Nbd2 h6 11. h3 Re8 12. axb5 axb5 13. Nf1 Bf8 14. Ne3 Be6 15.
Nd5 Bxd5 16. exd5 Nb4 17. d4 e4 18. Nd2 c6 19. dxc6 d5 20. Nf1 Nxc6 21. Bf4 Bd6
22. Bxd6 Qxd6 23. Ne3 Ra8 24. c3 Na5 25. Ba2 Nc4 26. Bxc4 bxc4 27. Rxa8 Rxa8 28.
b3 cxb3 29. Qxb3 g6 30. Rb1 Kg7 31. Qb4 Qc6 32. c4 dxc4 33. Nxc4 Ra4 34. Qe7
Rxc4 35. Rb7 Qe8 36. Qd6 0-1

[Event "World Blitz 2025"]
[Site "Doha QAT"]
[Date "2025.12.29"]
[Round "8.44"]
[White "Iniyan, Pa"]
[Black "Keymer, Vincent"]
[Result "0-1"]
[WhiteTitle "GM"]
[BlackTitle "GM"]
[WhiteElo "2598"]
[BlackElo "2776"]
[WhiteFideId "25002767"]
[BlackFideId "12940690"]
[EventDate "2025.12.29"]

1. d4 Nf6 2. c4 e6 3. Nf3 d5 4. g3 Bb4+ 5. Bd2 Be7 6. Bg2 O-O 7. O-O c6 8. Bf4
Nbd7 9. Nc3 dxc4 10. e4 b5 11. d5 e5 12. Nxe5 Nxe5 13. Bxe5 Ng4 14. Bf4 g5 15.
Bd2 b4 16. Ne2 Ne5 17. Nd4 c5 18. f4 cxd4 19. fxe5 c3 20. d6 cxd2 21. Qxd2 Re8
22. dxe7 Qxe7 23. Qxd4 Qxe5 24. Rad1 Qxd4+ 25. Rxd4 Rb8 26. Rd5 h6 27. Ra5 Re7
28. e5 Be6 29. Bd5 Bxd5 30. Rxd5 Rc8 31. Rb5 Rc4 32. Re1 Kg7 33. Re2 Rec7 34.
Kf2 a6 35. Rb6 a5 36. Ra6 R4c5 37. e6 Re7 38. exf7 Rxf7+ 39. Kg2 Rf6 40. Re7+
Kg6 41. Ree6 Rc2+ 42. Kh3 Rxe6 43. Rxe6+ Kf5 0-1